Business research methods: A hands on approach with SPSS (Record no. 396367)

MARC details
000 -LEADER
fixed length control field 00573 a2200205 4500
005 - DATE & TIME
control field 20260226131338.0
008 - FIXED-LENGTH DATA ELEMENTS--GENERAL INFORMATION
fixed length control field 260226b |||||||| |||| 00| 0 eng d
020 ## - ISBN
International Standard Book Number 9789371267069
Price Rs. 545.00
040 ## - CATALOGING SOURCE
Original cataloging agency VIVEKANANDA LIBRARY
082 ## - DDC NUMBER
Classification number 658.0072
Book Number P797S
100 ## - MAIN ENTRY--PERSONAL NAME
Personal name Pushpender Kumar
245 ## - TITLE STATEMENT
Title Business research methods: A hands on approach with SPSS
260 ## - PUBLICATION, DISTRIBUTION, ETC. (IMPRINT)
Name of publisher, distributor, etc Taxmann
Date of publication, distribution, etc 2025
Place of publication, distribution, etc New Delhi
300 ## - PHYSICAL DESCRIPTION
Pages v.
650 ## - Subject
Subject Business- Research
650 ## - Subject
Subject Research Strategies- Research
700 ## - Added Entry Personal Name
Added Entry Personal Name Mokha, Anupreet Kaur
700 ## - Added Entry Personal Name
Added Entry Personal Name Sharma, Sumit Kumar
942 ## - ADDED ENTRY ELEMENTS (KOHA)
Koha item type Books
Holdings
Withdrawn status Lost status Source of classification or shelving scheme Damaged status Not for loan Location (home branch) Sublocation or collection (holding branch) Shelving location Date acquired Koha issues (times borrowed) Koha full call number Accession No. Koha date last seen Koha item type
    Dewey Decimal Classification     VIVEKANANDA LIBRARY VIVEKANANDA LIBRARY Law Library 23/02/2026   658.0072 P797S 378003 23/02/2026 Books
    Dewey Decimal Classification     VIVEKANANDA LIBRARY VIVEKANANDA LIBRARY Law Library 23/02/2026   658.0072 P797S 378006 23/02/2026 Books
    Dewey Decimal Classification     VIVEKANANDA LIBRARY VIVEKANANDA LIBRARY Law Library 23/02/2026   658.0072 P797S 378002 23/02/2026 Books
    Dewey Decimal Classification     VIVEKANANDA LIBRARY VIVEKANANDA LIBRARY Law Library 23/02/2026   658.0072 P797S 378005 23/02/2026 Books
    Dewey Decimal Classification     VIVEKANANDA LIBRARY VIVEKANANDA LIBRARY Law Library 23/02/2026   658.0072 P797S 378004 23/02/2026 Books
© Designed and Maintained by Vivekananda Library, MDU Rohtak